000 01298cam a2200313 4500
001 J125117
008 111205n2001 000 0 eng u
035 _a(Sirsi) u125117
041 _aeng
050 _a711.1
_c18
110 _aUnited Kingdom
_bOffice of the Deputy Prime Minister
240 _aPlanning Green Paper
245 _aPlanning
_bdelivering a fundamental change
260 _aLondon
_bODPM
_c2001
520 _aThe Planning Green Paper looking at the reform of the UK planning system. Reviews the existing arrangement and sets out the case and proposals for fundamental changes at national, regional and local levels. View at www.dclg.gov.uk.
650 _aDEVELOPMENT CONTROL
650 _aEPLANNING
650 _aLOCAL DEVELOPMENT FRAMEWORKS
650 _aPLANNING OBLIGATIONS
650 _aPLANNING POLICY GUIDANCE NOTES
650 _aREGIONAL PLANNING POLICY
650 _aREGIONAL SPATIAL STRATEGIES
650 _aBUSINESS PLANNING ZONES
650 _aCOMMUNITY FRAMEWORKS
650 _aCompulsory purchase
_96228
690 _aENVIRONMENTAL AND LAND CONSULTANCY-PLANNING AND DEVELOPMENT
856 _uhttps://www.communities.gov.uk/documents/planningandbuilding/pdf/146883.pdf
_zView the Green Paper free of charge at www.communities.gov.uk
942 _n0
999 _c103345
_d103345